000 01429nam a22002297a 4500
999 _c63273
_d63273
003 Ge_BSU
005 20250715120024.0
008 250715s2023 ge ||||| |||| 00| 0 geo d
020 _a9789941361388 X
041 _ageo
080 _a343.7(479.22) დ-61
100 _aდვალიძე, ირაკლი
_96351
245 _aსაკუთრების წინააღმდეგ მიმართული დანაშაულები საქართველოს სისხლის სამართლის კოდექსის მიხედვით :
_b(კომენტარი) /
_cირაკლი დვალიძე, ლევან ხარანაული, გიორგი თუმანიშვილი ; რედ. ირაკლი დვალიძე
264 _aთბილისი :
_bმერიდიანი,
_c 2023.
300 _a290 გვ. ;
_b 24 სმ.
653 _aსაკუთრების წინააღმდეგ მიმართული დანაშაული საქართველოში.
653 _aსამართალი
700 _a ხარანაული, ლევან
_925649
700 _a თუმანიშვილი, გიორგი
_925650
700 _aდვალიძე, ირაკლი
_eრედაქტორი
_96351
942 _2udc
_cᲬᲘᲒᲜᲘ